Color Quiz - 100 COLORS! - Statistics

General Stats
  • This quiz has been taken 450 times
  • The average score is 41 of 100
Answer Stats
Color Answer % Correct
Blue
94%
Black
91%
Red
91%
Brown
89%
Orange
89%
Pink
89%
* White
89%
Yellow
89%
Green
85%
Gray
82%
Purple
82%
Violet
75%
Lime
73%
Magenta
72%
Navy
70%
Cyan
68%
Maroon
68%
Beige
67%
Gold
66%
Sky
64%
Silver
63%
Teal
61%
Indigo
60%
Tan
60%
Aqua
59%
Turquoise
59%
Lavender
57%
Olive
55%
Crimson
53%
Peach
52%
Lilac
51%
Rose
51%
Salmon
51%
Bronze
50%
Cream
50%
Emerald
48%
Forest
47%
Mauve
45%
Ruby
45%
Scarlet
42%
Mint
41%
Azure
40%
Ivory
40%
Burgundy
39%
Amber
38%
Coral
38%
Fuchsia
38%
Periwinkle
38%
Chartreuse
37%
Cerulean
35%
Sapphire
35%
Baby Blue
34%
Vermilion
34%
Hot Pink
33%
Jade
33%
Khaki
32%
Amethyst
31%
Apricot
31%
Ultramarine
29%
Ochre
28%
Cobalt
27%
Ice
27%
Royal Blue
27%
Sun
27%
Baby Pink
26%
Chocolate
26%
Grape
25%
Sienna
25%
Aubergine
24%
Diamond
24%
Goldenrod
24%
Ocean
24%
Moss
23%
Orchid
22%
Midnight
21%
Night
20%
Platinum
20%
Raspberry
20%
Blush
19%
Mahogany
19%
Almond
18%
Cerise
17%
Dandelion
17%
Puce
17%
Aero
16%
Royal Purple
16%
Shadow
16%
Xanadu
14%
Heliotrope
13%
Russet
13%
Dusk
12%
Sepia
12%
Shamrock
12%
Celeste
11%
Dawn
11%
Duke
9%
Coral Blue
7%
Tulip
7%
Zinnwaldite
7%
Phlox
6%
No matching quizzes found
Score Distribution
Percent of People with Each Score
Percentile by Number Answered
Your Score History
You have not taken this quiz